000 00188nam a22000857a 4500
082 _a823
100 _aBHIKING BHAI
245 _aMORAL STORIES ( IN SEPERATED STORIES) FOR CHILDREN
942 _cBK
999 _c8216
_d8216